İnsan ve yaratma edimi (Record no. 1384)

MARC details
000 -BAŞLIK
Sabit Uzunlukta Kontrol Alanı 00758na a2200253 4500
001 - KONTROL NUMARASI
Denetim Alanı 12928
003 - KONTROL NUMARASI IDENTIFIER
Denetim Alanı MIRAKIL
005 - SON İŞLEM TARİHİ VE ZAMANI
Denetim Alanı 20181213154821.0
008 - SABİT-BOY VERİ ELEMANLARI - GENEL BİLGİLER
Sabit Uzunlukta Kontrol Alanı 160817b tu 000 0
020 ## - ULUSLARARASI STANDART KİTAP NUMARASI
Uluslararası Standart Kitap Numarası 9754582440
035 ## - SİSTEM KONTROL NUMARASI
Sistem Kontrol Numarası 12928
040 ## - KATALOGLAMA KAYNAK
Orijinal Kataloglama Ajansı Milas
Kataloglama Dili tur
Metne Dönüştürmek Ajansı TR-AnCHP
082 ## - DEWEY ONLU SINIFLANDIRMA NUMARASI
Sınıflandırma Numarası 128.4
Ürün Numarası V34i 2000
090 ## - SINIFLAMA NUMARASI
Sınıflama Numarası 128.4 V34i 2000
100 ## - ANA GİRİŞ - KİŞİSEL İSİM
Kişisel Ad Velioğu, Süleyman
245 ## - BAŞLIK TABLOSU
Başlık İnsan ve yaratma edimi
Sorumluluk Tablosu, Vb Süleyman Velioğlu; yayına hazırlayan Mürşit Balabanlılar
260 ## - YAYIN, DAĞITIM, VB
Yayın, Dağıtım, Vb Yeri İstanbul
Yayıncı, Dağıtıcı, Vs Adı Türkiye iş bankası kültür yayınları
Yayın, Dağıtım, Vb Tarihi 2000
300 ## - FİZİKSEL TANIM
Kapsam 227 s.
Boyutlar 20 sm.
504 ## - KAYNAKÇA VB NOT
Kaynakça Vb Notu Kaynakça ve dizin var.
650 ## - KONU KATMA GİRİŞ - TOPİKAL DÖNEM
Topikal Süreli Veya Coğrafi Ad Giriş Elemanı Edim (Felsefe)
650 ## - KONU KATMA GİRİŞ - TOPİKAL DÖNEM
Topikal Süreli Veya Coğrafi Ad Giriş Elemanı Yaratıcılık yeteneği
Genel Alt Bölümü Felsefe
700 ## - KATMA GİRİŞ - KİŞİSEL İSİM
Kişisel Ad Balabanlılar, Mürşit
942 ## - EKLENDİ GİRİŞ ELEMANLARI (KOHA)
Sınıflandırma Veya Raf Düzeni Kaynak Dewey Decimal Classification
Koha Öğesi Türü Books
999 ## - SİSTEM KONTROL NUMARALARI (KOHA)
Koha Biblionumber 1384
Koha Biblioitemnumber 1384
Holdings
Kalıcı Konum Mevcut Konum Edinme Tarihi Edinim Kaynak Toplam Check-Out'Lar Tam Çağrı Numarası Barkod Tarih Son Görülme İtibaren Geçerli Fiyatlar Koha Öğesi Türü
CHP Kütüphanesi CHP Kütüphanesi 08/03/2016 Bağış   128.4 V34i 2000 000256 08/03/2016 08/03/2016 Books